| 000 | 00722aam a2200229 4500 | ||
|---|---|---|---|
| 005 | 20170124084747.0 | ||
| 008 | 150420b xxu||||| |||| 00| 0 spa d | ||
| 041 | _aspa | ||
| 082 | _a382.972.073 C8375t | ||
| 100 |
_aCosta Rica. Ministerio de Comercio Exterior _936892 |
||
| 245 | _aTratado de libre comercio entre Centroamerica y Estados Unidos y agenda integral de cooperación | ||
| 260 |
_aCosta Rica _bCOMEX _c2003 |
||
| 300 | _a8 páginas | ||
| 500 | _aVOLUMEN 2 | ||
| 650 |
_aCOSTA RICA _936893 |
||
| 650 |
_aTRATADO DE LIBRE COMERCIO _96491 |
||
| 650 |
_aARANCELES _916817 |
||
| 650 |
_aCOMERCIO EXTERIOR _99355 |
||
| 650 |
_aESTADOS UNIDOS _95075 |
||
| 650 |
_aNEGOCIACIÓN DE TRATADOS _936894 |
||
| 942 | _cBK | ||
| 999 |
_c4819 _d4819 |
||